000 00826nam a2200229Ia 4500
001 11165
003 GE_BSU
008 181216s||||||||xx |||||||||||||| ||und||
040 _cGE_BSU
080 _a502.1(075.8)
100 _aგულისაშვილი,ვ
245 _aბუნების დაცვის საფუძვლები.
245 _bსახელმძღვ.უმაღლ.სასწავლებლების სტუდენტებისათვის.
245 _cრედ:ვ.ფანჩულიძე.
260 _aთბილისი.
260 _bგანათლება.
260 _c1983.
300 _a298გვ;22სმ.
300 _eილ;
653 _aბუნების დაცვის საფუძვლები.
942 _cBK
999 _c44400
_d44400